كيف تعيش حياة أفضل مع مرض السكر ؟ : (Record no. 7550)
[ view plain ]
| 000 -الفاتح | |
|---|---|
| حقل البيانات ثابتة الطول | 01132nac a22001811u 4500 |
| 008 - عناصر البيانات ثابتة الطول - معلومات عامة | |
| حقل البيانات ثابتة الطول | 110111s2003 xxu||||| |||| 00| 0 ara d |
| 082 ## - رقم تصنيف ديوى العشرى | |
| رقم التصنيف | 616.462 |
| رقم المادة | ك ي ف |
| 110 1# - المدخل الرئيسى - إسم هيئة | |
| اسم الهيئة أو اسم السلطة كمدخل | وزارة الصحة |
| 9 (RLIN) | 21901 |
| 245 ## - بيان العنوان | |
| العنوان | كيف تعيش حياة أفضل مع مرض السكر ؟ : |
| بقية العنوان | كتيب التثقيف الصحي لمرضى السكر / |
| بيان المسئوليه,etc | إعداد لجنة برنامج رعاية مرضى السكر ؛ إشراف الإدارة المركزية للرعاية الصحية الأولية ، ليلى الدوسري |
| 260 ## - PUBLICATION, DISTRIBUTION, ETC. (IMPRINT) | |
| مكان الناشر او الموزع | الكويت : |
| اسم الناشر او الموزع | مؤسسة الكويت للتقدم العلمي ، |
| تاريخ النشر أو التوزيع | 2003. |
| 300 ## - الوصف المادى | |
| التعداد | 80 ص : |
| تفاصيل ماديه اخرى للوعاء | ايض لو ؛ |
| أبعاد الوعاء | 20 سم. |
| 541 ## - تبصرة المصدر المباشر للتزويد | |
| مصدر التزويد | إهداء ؛ |
| طريقة التزويد | مكتبة الإسكندرية ؛ |
| 650 ## - المدخل الاضافى بالموضوع-مصطلح موضوعى | |
| مصطلح موضوعي أو اسم جغرافي كعنصر مدخل | مرض السكر |
| 9 (RLIN) | 21905 |
| التقسيم الفرعي العام | الجوانب الصحية |
| 650 ## - المدخل الاضافى بالموضوع-مصطلح موضوعى | |
| مصطلح موضوعي أو اسم جغرافي كعنصر مدخل | الأنسولين |
| 9 (RLIN) | 21972 |
| 650 ## - المدخل الاضافى بالموضوع-مصطلح موضوعى | |
| مصطلح موضوعي أو اسم جغرافي كعنصر مدخل | مرض السكر |
| 9 (RLIN) | 21906 |
| التقسيم الفرعي العام | الجوانب الغذائية |
| 942 ## - عناصر المدخل الإضافي( كوها) | |
| Koha [default] item type | Book - Borrowing |
| سابقة رقم الطلب | 616.462 ك ي ف |
| مصدر التصنيف او مخطط الترفيف | Dewey Decimal Classification |
| حالة التراجع | حالة الفقد | مصدر التصنيف او خطة الترفيف | حالة تلف | ليس للاعارة | مجموعات كوها | المكان الدائم | المكان الحالي | موقع الترفيف | تاريخ الاكتساب | Source of acquisition | رقم الاستدعاء | الباركود | Date last seen | نوع الوعاء |
|---|---|---|---|---|---|---|---|---|---|---|---|---|---|---|
| Dewey Decimal Classification | Donation-Gift | Central Library | Central Library | First floor | 28/01/2008 | Donation | 616.462 ك ي ف | 000009137 | 15/07/2025 | Book - Borrowing |